00400nam a2200133Ia 4500008004100000020001500041041001200056082001600068100001900084245011400103260002500217300000800242650001600250221030s9999 xx 000 0 und d a0071135332 aEnglish a105.23bNew aL. R. Newcomer 0aSchaum`s Outline Series of Theory and Problems of Programming with Modern Structured Cobolcby L. R. Newcomer bTMHaNew Delhic1995 a373 aBE Computer